| 000 | 01455nam a2200217Ia 4500 | ||
|---|---|---|---|
| 003 | Ost | ||
| 005 | 20260416102358.0 | ||
| 008 | 260416s9999||||xx |||||||||||||| ||und|| | ||
| 040 | _cfsecg | ||
| 041 | _aara | ||
| 082 | _a339 | ||
| 100 |
_aقريبي، ناصر الدين _eمؤلف |
||
| 245 | 0 |
_a الاقتصاد الكلي 1 : _bموجهة لطلبة السنة الثانية ليسانس في ميدان العلوم الاقتصادية و العلوم التجارية و علوم التسيير / _c ناصر الدين قريبي |
|
| 260 |
_aالجزائر _bجامعة الجزائر3: كلية العلوم الإقتصادية، العلوم التجارية وعلوم التسيير _c2021 |
||
| 300 |
_a101 ورقة _bايضاحات _c30 سم |
||
| 504 | _aمراجع ص.99 | ||
| 520 | _aمفاهيم اساسية حول التحليل الاقتصادي الكلي، قياس النشاط الاقتصادي، التوازن الاقتصادي الكلي وفق النمو الكلاسيكي، التوازن الاقتصادي الكلي وفق النمودج الكينزي البسيط. | ||
| 653 | _aالاقتصاد الكلي | ||
| 710 |
_aجامعة الجزائر3: كلية العلوم الإقتصادية، العلوم التجارية وعلوم التسيير _eناشر علمي |
||
| 942 | _cHANDOUT | ||
| 999 |
_c41298 _d41298 |
||